Statistiken für Flaggen, die am meisten Grün beinhalten

Klicken Sie hier um das Quiz zu spielen!

Allgemein

  • Dieses Quiz wurde 970 mal gespielt
  • Das Durchschnittsergebnis liegt bei 10 aus 15

Antwortstatistiken

Answer % Korrekt
Brasilien
99%
Saudi-Arabien
97%
Nigeria
87%
Pakistan
85%
Algerien
84%
Bangladesch
75%
Turkmenistan
70%
Togo
58%
Sambia
54%
Burkina Faso
54%
Mauretanien
52%
Dominica
50%
Guyana
47%
São Tomé und Príncipe
41%
Salomonen
37%

Verteilung der Resultate

Perzentil nach korrekt beantworteten Fragen

Anzahl Personen mit jedem Resultat

Ihre Resultats-Entwicklung

Sie haben dieses Quiz noch nicht gespielt